000 00720nam a2200229Ia 4500
003 OSt
005 20220923225124.0
006 a|||||r|||| 00| 0
007 ta
008 220922b |||||||| |||| 00| 0 hin d
024 _a257,693
037 _cTextual
040 _aARTS
_cARTS
_bhin
041 _2hin
_ahin
082 _aWv1.N, 152L3
100 _aगौतम, ब्रजेन्द्र प्रताप
_9158651
245 0 _aप्रमुख राजनीतिक विचारक
246 _aPramukh rājanītik vichāraka
260 _c1973
942 _hWv1.N, 152L3
_cTEXL
_2CC
999 _c376206
_d376206